000 00544nam a2200181Ia 4500
005 20250508152554.0
008 008 250505s9999 xx 000 0 eng d
037 _aTextual
040 _aFEDL
_beng
_cFEDL
041 _aeng
_2eng
084 _a745.4, WOL
_qFEDL
100 _aWolchonok Louis
_9761839
245 0 _aArt of three-dimensional design : How to create space figures
260 _aNew York, USA
_bHarperĀ and Brothers Publisher
_c1959
300 _a169p.
942 _cTEXL
_h745.4, WOL
999 _c1337333
_d1337333